01805nam a22001697a 4500003000900000005001700009008004100026040001200067100005000079245004100129250000600170260002000176300002000196490005800216500004200274520131900316IT-RoPau20220918175936.0121206b xxu||||| |||| 00| 0 eng d cT-RoPau aAlberione GiacomoqFondatore Famiglia Paolina aGiacomo Alberione un uomo, un' idea  aI aRomabSSPc1988 a322 p.c21,2 cm aEdizioni Archivio Storico Generale della F.P.vI° v. aVita e opere del Fondatore della F.P. aINDICE INTRODUZIONE Chi è don Giacomo Alberione? Indole, scopo e limiti di questa biografia Bibliografia essenziale Spiegazione di alcune Sigle Libri - Opuscoli - Periodici Articoli Appendice CAPITOLO I L' ALBERO VISTO DALLE SUE RADICI CAPITOLO II IL NATIVO BORGO: SAN LORENZO DI FOSSANO CAPITOLO III CHERASCO, LA PATRIA ADOTTIVA CAPITOLO IV L' IMPEGNO DELLA SCUOLA A CHERASCO CAPITOLO V ANNI FELICI NEL SEMINARIO DI BRA CAPITOLO VI SIGNORE, CHE COSA VUOI CHE IO FACCIA? CAPITOLO VII ANNI FELICI IN TALARE E BOTTONI ROSSI CAPITOLO VIII SACERDOTE DI GESU' CRISTO PER SEMPRE CAPITOLO IX IL BUON SEMINATORE USCI' A SEMINARE CAPITOLO X DIRETTORE DI SPIRITO NEL SEMINARIO DI ALBA CAPITOLO XI FEDELE ESECUTORE DELLE DIRETTIVE PONTIFICIE CAPITOLO XII INSTANCABILE NEL SERVIZIO ECCLESIALE CAPITOLO XIII L' APOSTOLATO STAMPA E' NECESSARIO CAPITOLO XIV GLI APOSTOLI DELLA BUONA STAMPA: RELIGIOSI E SANTI CAPITOLO XV LA SCUOLA TIPOGRAFICA "PICCOLO OPERAIO" CAPITOLO XVI SCUOLA TIPOGRAFICA E COLONIA AGRICOLA CAPITOLO XVVII INFANZIA DELL' ISTITUTO FEMMINILE: 1915 - 1923 CAPITOLO XVIII CRONACHE PAOLINE DEGLI ANNI DI GUERRA CAPITOLO XIX FERVORE ASCETICO E ZELO APOSTOLICO CAPITOLO XX SOFFERTA CRESCITA DAI CINQUE AI SETTE ANNI CAPITOLO XXI "HO SOGNATO UN ORDINE RELIGIOSO STAMPATORE"